Consideraciones Estadísticas sobre la situación económica (Registro nro. 28341)
[ vista simple ]
| 000 -LEADER | |
|---|---|
| fixed length control field | 00422 a2200109 4500 |
| 001 - CONTROL NUMBER | |
| control field | ART_23027 |
| 005 - DATE AND TIME OF LATEST TRANSACTION | |
| control field | 20260410161928.0 |
| 008 - FIXED-LENGTH DATA ELEMENTS--GENERAL INFORMATION | |
| fixed length control field | 260409a |
| 100 1# - MAIN ENTRY--PERSONAL NAME | |
| Personal name | Toranzos, Fausto I. |
| 245 10 - TITLE STATEMENT | |
| Title | Consideraciones Estadísticas sobre la situación económica |
| 773 0# - HOST ITEM ENTRY | |
| Title | Revista de la Facultad de Ciencias Económicas de la Universidad de Cuyo |
| Related parts | - Año VII, Nº 20/21 (mayo/ago.- sep./dic. 1955) |
| Record control number | REV22981 |
No hay ítems disponibles.